1433 1461 1473 1729 1830 1867 1744 1076 1286 1206 1881 1906 1802 1591 1148 1326 1778 1097 1381 1497 1903 1876 1775 1050 1701 1501 1368 1982 1047 1549 1560 1779 1662 1588 1703 1254 1449 1252 1082 1284 1558 1365 1191 1096 1919 1435 1521 1817 1089 1225 1489 1397 1610 1161 1952 1476 1230 1436 1187 1661 1178 1585 1309 1881 1805 1191 1587 1233 1238 1890 1840 1700 1206 1492 1669 1499 1248 1545 1485 1957 1533 1585 1738 1316 1212 1166 1571 1122 1002 1170 1767 1518 1754 1572 1489 1528 1677 1141 1931 BCNSPRNW ULIB Ver.6.0+V

เปลี่ยนเป็นภาษาไทย

Change to English
 แสดงรายละเอียดบรรณานุกรม
  กลับหน้าหลัก

Brief Record : Get Marc (ISO 2709) : E-mail record : QR code < ปิดหน้าต่าง
LEADER : 00000nam 2200000uu 4500
001    13399113566
003     ULIB
008    111128s2552||||th 000 0 tha d
020    ^a9786117059049
090    ^aนว.^bร191ฟ 2552
100 0  ^aร้อยเรียงฝัน
245 00 ^aไฟเสน่หา/^cร้อยเรียงฝัน
250    ^aพิมพ์ครั้งที่ 2
260    ^aกรุงเทพฯ :^bivy,^c2552
300    ^a413 หน้า
710 1  ^aivy
945    ^p270^l0^i16418
995    ^aกัณชพร
999    ^aใช้งานได้ทุกระบบ
รายการนี้ยังไม่มีแท็ก
คุณยังไม่ได้ล็อกอิน คุณสามารถมีกิจกรรมร่วมกับเว็บไซต์ได้ แต่ต้องล็อกอินก่อน ::
  ล็อกอิน

รายการสื่อสารสนเทศ

ลำดับที่ ประเภท เลขเรียก/บาร์โค้ด สถานที่ สถานะ
1. นวนิยาย
นวนิยาย
นว. ร191ฟ 2552  
  Barcode: 16418
ห้องสมุดวิทยาเขตสวรรค์ประชารักษ์
►นวนิยาย
บนชั้น
  ขอยืม

BibComment


ยังไม่เคยถูกคอมเมนท์

คอมเมนท์ทรัพยากรรายการนี้
  คอมเมนท์: ไฟเสน่หา ร้อยเรี..


 Copyright 2026. Bcnsprnw @Library